00345 a2200133 4500003000400000005001700004008004100021040000900062082001500071100001700086245006900103260003000172300000900202OSt20240108150234.0240108b |||||||| |||| 00| 0 eng d coclc a297bHUS/N aHussain, N M aNavanasthikatha: Richard Dawkinsinte vibranthikal /cN M Hussain aKerala:bCreatives,c2011 a317p